[路線図付き] 東急電鉄 東横線 駅名穴埋めクイズ - Statistics

General Stats
  • This quiz has been taken 2,113 times
  • The average score is 17 of 21
Answers on the Map
Answers color-coded by a green-red scale on the quiz's map according to % correct below.
 
Answer Stats
Answer % Correct
東横線 TY01 渋谷
98%
東横線 TY21 横浜
96%
東横線 TY03 中目黒
94%
東横線 TY11 武蔵小杉
92%
東横線 TY16 菊名
90%
東横線 TY07 自由が丘
89%
東横線 TY13 日吉
89%
東横線 TY02 代官山
88%
東横線 TY05 学芸大学
87%
東横線 TY09 多摩川
86%
東横線 TY06 都立大学
84%
東横線 TY08 田園調布
82%
東横線 TY14 綱島
78%
東横線 TY18 白楽
78%
東横線 TY12 元住吉
77%
東横線 TY19 東白楽
77%
東横線 TY04 祐天寺
76%
東横線 TY10 新丸子
76%
東横線 TY20 反町
75%
東横線 TY15 大倉山
66%
東横線 TY17 妙蓮寺
65%
No matching quizzes found
Score Distribution
Percent of People with Each Score
Percentile by Number Answered
Your Score History
You have not taken this quiz